000 00568nam a22001937a 4500
005 20230322121042.0
008 150218b mx ||||| |||| 00| 0 spa d
020 _a9685409714
050 0 4 _aK230.G66
_bF55 2005
100 1 _aGómez Gallardo, Perla
245 1 0 _aFilosofía del derecho
_c / Perla Gómez Gallardo.
250 _a1a ed.
260 _aMéxico :
_bIURE editores,
_c2005
300 _axxiii, 270 p.
490 0 _aColección Textos jurídicos
504 _aBibliografía : p. 257 - 262
650 7 _2lemb
_aFilosofía del derecho
942 _2lcc
_cLIB
999 _c88661
_d88661